| 000 | 00795nam a2200241 i 4500 | ||
|---|---|---|---|
| 001 | 123103 | ||
| 003 | ES-MaACL | ||
| 005 | 20250808062728.0 | ||
| 007 | t| | ||
| 008 | 070214s1977 sp r ||||0| spa d | ||
| 020 | _a84-220-0419-4 | ||
| 100 | 1 |
_aQuasten, Johannes. _994490 |
|
| 245 | 1 | 0 |
_aPatrología. _n2, _pLa edad de oro de la literatura patrística griega / _cJohannes Quasten ; edición de Ignacio Oñatibia. |
| 250 | _a3ª ed. | ||
| 260 |
_aMadrid : _bLa Editorial Católica, _c1977. |
||
| 300 |
_a1 v. (VII, 666 p.) ; _c20 cm. |
||
| 490 | 1 |
_aBiblioteca de autores cristianos ; _v217 |
|
| 650 |
_aPatrística. _915895 |
||
| 700 | 1 |
_aOñatibia, Ignacio. _987114 |
|
| 830 | 1 | 0 |
_aBiblioteca de autores cristianos _v217 _9178679 |
| 852 |
_aES-MaACL _jA-7446 |
||
| 999 |
_c123103 _d123103 |
||